000 00291nam a2200121Ia 4500
005 20251222144657.0
008 251222s9999||||xx |||||||||||||| ||spa||
020 _a84-288-0182-7
082 _a289.5/C76
245 0 _aLos Obispos ante la Nueva Etapa PolĂ­tica
264 _bPPC
942 _cLIB
999 _c17313
_d17313